Pharmaceutics : (Record no. 12688)
[ view plain ]
| 000 -LEADER | |
|---|---|
| fixed length control field | 01330nam a22003851 4500 |
| 001 - CONTROL NUMBER | |
| control field | 12688 |
| 003 - CONTROL NUMBER IDENTIFIER | |
| rucl marc code | BD-RjUL |
| 005 - DATE AND TIME OF LATEST TRANSACTION | |
| control field | 20211208235336.0 |
| 008 - FIXED-LENGTH DATA ELEMENTS--GENERAL INFORMATION | |
| fixed length control field | 140129r19931990stk b 001 0 eng d |
| 020 ## - INTERNATIONAL STANDARD BOOK NUMBER | |
| International Standard Book Number | 0443044163 |
| 035 ## - SYSTEM CONTROL NUMBER | |
| System control number | CURL Interim file ISBN04 record 117898 |
| -- | (BD-RjUL)12738 |
| 040 ## - CATALOGING SOURCE | |
| Original cataloging agency | BD-RjUL |
| Language of cataloging | eng |
| Transcribing agency | BD-RjUL |
| 041 ## - LANGUAGE CODE | |
| Language code of text/sound track or separate title | eng |
| 060 #0 - NATIONAL LIBRARY OF MEDICINE CALL NUMBER | |
| Classification number | QV 785 P5366 |
| 082 ## - DEWEY DECIMAL CLASSIFICATION NUMBER | |
| Classification number | 615.19 |
| Author mark and year | PHA 1993 |
| 245 00 - TITLE STATEMENT | |
| Title | Pharmaceutics : |
| Remainder of title | the science of dosage form design / |
| Statement of responsibility, etc. | edited by Michael E. Aulton |
| 260 ## - PUBLICATION, DISTRIBUTION, ETC. (IMPRINT) | |
| Place of publication, distribution, etc. | Edinburgh : |
| Name of publisher, distributor, etc. | Churchill Livingstone, |
| Date of publication, distribution, etc. | 1990 {Reprint 1993]. |
| 300 ## - PHYSICAL DESCRIPTION | |
| Pagination | xv, 734 p ; |
| Size | 25 cm |
| 500 ## - GENERAL NOTE | |
| General note | Replaces: Cooper and Gunn's tutorial pharmacy. 6th ed. 1972 |
| 504 ## - BIBLIOGRAPHY, ETC. NOTE | |
| Bibliography, etc | Includes bibliographies and index |
| 650 #0 - SUBJECT ADDED ENTRY--TOPICAL TERM | |
| Topical term or geographic name as entry element | Biopharmaceutics. |
| 9 (RLIN) | 39502 |
| Topical term or geographic name as entry element | Drugs |
| General subdivision | Dosage forms |
| 9 (RLIN) | 39503 |
| Topical term or geographic name as entry element | Biopharmaceutics |
| 9 (RLIN) | 39504 |
| Topical term or geographic name as entry element | Pharmaceutical technology |
| 9 (RLIN) | 39505 |
| Topical term or geographic name as entry element | Pharmaceutical chemistry |
| 9 (RLIN) | 39506 |
| Topical term or geographic name as entry element | Biopharmaceutics |
| 9 (RLIN) | 39507 |
| Topical term or geographic name as entry element | Pharmaceutical chemistry |
| 9 (RLIN) | 39508 |
| Topical term or geographic name as entry element | Dosage Forms |
| 9 (RLIN) | 39509 |
| Topical term or geographic name as entry element | Technology, Pharmaceutical |
| 9 (RLIN) | 39510 |
| 700 1# - ADDED ENTRY--PERSONAL NAME | |
| Personal name | Aulton, Michael E. |
| Personal name | Cooper, John W. |
| Fuller form of name | (John William), |
| Dates associated with a name | 1896- |
| 942 ## - ADDED ENTRY ELEMENTS (KOHA) | |
| Source of classification or shelving scheme | Dewey Decimal Classification |
| Koha item type | Books |
| Lost status | Source of classification or shelving scheme | Damaged status | Not for loan | Collection code | Permanent Location | Current Location | Shelving location | Date acquired | Source of acquisition | Cost, normal purchase price | Total Checkouts | Full call number | Date last seen | Copy number | Koha item type |
|---|---|---|---|---|---|---|---|---|---|---|---|---|---|---|---|
| Dewey Decimal Classification | Non-fiction | Central Library, University of Rajshahi | Central Library, University of Rajshahi | 23/09/1995 | Paragon,Dhaka | 2825.00 | 615.19 PHA 1993 | 29/01/2014 | C-4 | Books | |||||
| Dewey Decimal Classification | Not For Loan | Non-fiction | Central Library, University of Rajshahi | Central Library, University of Rajshahi | Reading Room | 23/07/1995 | Parash pub, Dhaka | 2825.00 | 615.19 PHA 1993 | 11/12/2018 | C-1 | Books |